000 00877nam a22002297a 4500
003 NALT
005 20210802162912.0
008 s2543 th tha d
040 _aNALT
041 _atha
090 _aว HM141 ม164ค 2543
100 0 _aมนัส รูปขจร
245 1 0 _aคุณลักษณะของผู้นำที่ต้องการในสังคมไทย
260 3 _aกรุงเทพฯ :
_bวิทยาลัยป้องกันราชอาณาจักร,
_c2543
300 _a72 หน้า :
_b ตาราง ;
_c 29 ซม.
650 0 4 _aประมุขศิลป์ -- วิจัย
650 0 4 _aภาวะผู้นำ -- วิจัย
650 0 4 _aสังคม -- ไทย -- วิจัย
850 _aNALT
942 _cRSH
_2lcc
998 _bSUKUNYA
_j109
_k อารีรัตน์ วิชาช่าง
999 _c30259
_d30259